000 00346 a2200157 4500
001 169877
020 _a
040 _cMagnum
100 _aCotrim, Gilberto
240 1 0 _aSaber e fazer historia - 7 serie
_lpor
245 1 0 _aSaber e fazer historia - 7 serie
362 0 _a1899
440 1 _aSaraiva
697 _aPARADIDATICO
942 _cBK
999 _c169877
_d169877